Estatísticas para Equipes da LaLiga Santander em 2019/20

Clique aqui para jogar o quiz

Estatísticas Gerais

  • Esse quiz foi jogado 31 vezes
    (29 desde o último reset)
  • A pontuação média é 16 de 20

Estatísticas das Respostas

CidadeEstádioClube% Correto
Madri, MadriSantiago BernabéuReal Madrid
100%
Barcelona, CatalunhaCamp NouBarcelona
100%
Valência, Com. ValencianaMestallaValencia
100%
Getafe, MadriColiseum Alfonso PérezGetafe
100%
Madri, MadriWanda MetropolitanoAtlético de Madrid
96%
Sevilha, AndaluziaRamón Sánchez PizjuánSevilla
96%
Vila-Real, Com. ValencianaLa Cerámica (El Madrigal)Villarreal
92%
Vigo, GalizaBalaídosCelta de Vigo
92%
Eibar, País BascoMunicipal de IpuruaEibar
92%
Granada, AndaluziaNuevo Los CármenesGranada
92%
Valladolid, Cst. e LeãoJosé ZorrillaReal Valladolid
92%
Leganés, MadriMunicipal de ButarqueLeganés
88%
Sevilha, AndaluziaBenito VillamarínBetis
84%
San Sebastián, País BascoMunicipal de AnoetaReal Sociedad
80%
Barcelona, CatalunhaRCDE StadiumEspanyol
80%
Bilbau, País BascoSan MamésAthletic Club
72%
Palma de Maiorca, Ils. BalearesIberostar EstadioMallorca
60%
Valência, Com. ValencianaCiutat de ValènciaLevante
40%
Vitoria-Gasteiz, País BascoMendizorrozaAlavés
40%
Pamplona, NavarraReyno de NavarraOsasuna
32%

Distribuição das Pontuações

Percentil de Números Respondidos

Porcentagem de Pessoas com Cada Pontuação

Sua Pontuação Histórica

Você não jogou esse quiz desde o último reset